| 000 | 00964nam a2200277 a 4500 | ||
|---|---|---|---|
| 003 | AR-BaBNM | ||
| 005 | 20251128205103.0 | ||
| 008 | 082120s2002 ||||||||||||||000 | spa|| | ||
| 020 | _a950-29-0292-0 | ||
| 040 | _cAR-BaBNM | ||
| 100 | 1 | _aCerletti, Alejandro | |
| 245 | 0 | 0 |
_aLa filosofía en la escuela _bcaminos para pensar su sentido |
| 250 | _a1ª ed. | ||
| 260 |
_aBuenos Aires _bUniversidad de Buenos Aires _c1996 |
||
| 300 | _a171 p. | ||
| 490 | 0 | _aFilosofía | |
| 500 | _aEste libro es una codición de la Secretaría de Extensión Universitaria, programa La UBA y los Profesores Secundarios y la Oficina de Publicaciones del Ciclo Básico Común de la Universidad de Buenos Aires | ||
| 504 | _aBibliografía: p. 165-171 | ||
| 650 | 4 | _aFILOSOFIA DE LA EDUCACION | |
| 650 | 4 | _aENSEÑANZA DE LA FILOSOFIA | |
| 650 | 4 | _aTEORIAS DE LA EDUCACION | |
| 653 | _aEDUCACION SECUNDARIA | ||
| 700 | 1 | _aKohan, Walter O. | |
| 942 | _cBK | ||
| 998 | _cSILVI | ||
| 999 |
_c9933 _d9933 |
||